000 01235nam a2200325 c 4500
999 _c87626
_d87626
003 BLK
005 20221109090655.0
008 180408b bul|||||r ||||||| ||bul||
010 _aKNG00092271000
040 _aBLK
041 _aBUL
_cBUL
080 _aАмериканска литература (на САЩ)
_b821.111(73)
_x-31
_z821.111(73)-31
100 1 _aСелинджър, Джеръм Дейвид
_eпърви автор
_9256487
139 _aСелинджър, Джеръм Дейвид
_bС 31
245 1 0 _aСпасителят в ръжта
_bРоман
_cДжеръм Дейвид Селинджър; прев. от англ. Надя Сотирова.
250 _a3. изд.
257 _aUSA
260 _bОтечество
_c1978
300 _a200 с.
_bс ил.
_c21 см
380 _aX
490 _aЧетиво за юноши
_v4
_9203186
500 _aОриг. загл. The Catcher in Rye / J. D. Salinger. - 1. изд. 1965.
653 _aромани
700 1 _aСотирова, Надя
_eпрев. от англ.
_9367180
852 _aЦб 91616
856 4 _qpdf
_i0.00
_ldisable
856 4 _qpdf
_i0.00
_ldisable
942 _cKNG
_n0
_06
_s1
944 _aCR
_c27.10.2009
_lф /
_kЛюдмила_Стоянова
944 _aED
_c28.01.2010
_lф /
999 _d87626